States of Mexico with hint - Statistics

General Stats
  • This quiz has been taken 15 times
  • The average score is 25 of 32
Answer Stats
Hint Answer % Correct
BC Baja California
100%
BCS Baja California Sur
100%
C Chihuahua
100%
C Coahuila
100%
D Durango
100%
M Mexico
100%
NL Nuevo León
100%
O Oaxaca
100%
S Sonora
100%
T Tamaulipas
100%
V Veracruz
100%
Z Zacatecas
100%
A Aguascalientes
75%
C Chiapas
75%
C Colima
75%
G Guerrero
75%
MC Mexico City
75%
M Michoacan
75%
M Morelos
75%
N Nayarit
75%
P Puebla
75%
QR Quintana Roo
75%
SLP San Luis Potosi
75%
S Sinaloa
75%
Y Yucatan
75%
C Campeche
50%
G Guanajuato
50%
J Jalisco
50%
T Tabasco
50%
T Tlaxcala
50%
H Hidalgo
25%
Q Queretero
25%
No matching quizzes found
Score Distribution
Percent of People with Each Score
Percentile by Number Answered
Your Score History
You have not taken this quiz